| 000 | 01000nas a2200337 4500 | ||
|---|---|---|---|
| 001 | BR2013002193 | ||
| 003 | BR-BrBNA | ||
| 005 | 20231205122045.0 | ||
| 007 | ta | ||
| 008 | 230509b bl.|||p| |||| 00| 00por d | ||
| 040 |
_aBR-BrBNA _bpor _cBiblioteca Nacional de Agricultura |
||
| 041 | _a(Pt) | ||
| 072 | _aF30 | ||
| 100 | 1 | _aDoVale, J.C. | |
| 100 | 1 | _aSoares, P.C. | |
| 100 | 1 | _aCornélio, V.M.O. | |
| 100 | 1 | _aReis, M.S. | |
| 100 | 1 | _aBorges, V. | |
| 100 | 1 | _aBisi, R.B. | |
| 100 | 1 | _aSoares, A.A. | |
| 100 | 1 | _aFritsche Neto, R. | |
| 245 | 1 | _aContribuição genética na produtividade do arroz irrigado em Minas Gerais no período de 1998 a 2010 | |
| 650 | _aARROZ IRRIGADO | ||
| 650 | _aGENÓTIPO | ||
| 650 | _aPRODUTIVIDADE | ||
| 650 | _aMELHORAMENTO GENÉTICO VEGETAL | ||
| 650 | _aMINAS GERAIS | ||
| 773 | 0 |
_tBragantia (Brazil) _xISSN 0006-8705 _g(oct-dec 2012), v. 71(4) p. 460-466 _wBR2013002193 |
|
| 909 |
_a202311 _bLúcia _c55 _dLúcia Elande |
||
| 942 |
_2AGRIS _n0 _cANA |
||
| 999 |
_c226700 _d226700 |
||